000
00375nam a22001577a 4500
003
MPLRDC
005
20220104123338.0
008
210129b ||||| |||| 00| 0 eng d
082
_a
426.2 CYL
100
_a
陈意玲编著
245
_a
棒织新花图集
_c
260
_a
_b
香港得利书局
_c
1980
300
_b
平
650
_a
家庭工艺
942
_c
BK
_o
426.2 CYL
999
_c
10655
_d
10645